Capitals of The Americas Quiz - Statistics

General Stats
  • This quiz has been taken 28 times
  • The average score is 31 of 35
Answer Stats
Country Capital % Correct
Colombia Bogotá
100%
Cuba Havana
100%
The Bahamas Nassau
100%
Canada Ottawa
100%
Panama Panama City
100%
Chile Santiago
100%
Belize Belmopan
94%
Brazil Brasília
94%
Barbados Bridgetown
94%
Jamaica Kingston
94%
Nicaragua Managua
94%
Mexico Mexico City
94%
Haiti Port-au-Prince
94%
Costa Rica San José
94%
El Salvador San Salvador
94%
Dominican Republic Santo Domingo
94%
United States Washington D.C.
94%
Argentina Buenos Aires
88%
Venezuela Caracas
88%
Guatemala Guatemala City
88%
Bolivia La Paz/Sucre
88%
Peru Lima
88%
Ecuador Quito
88%
Antigua & Barbuda Saint John's
88%
Saint Vincent and the Grenadines Kingstown
81%
Uruguay Montevideo
81%
Trinidad and Tobago Port of Spain
81%
Dominica Roseau
81%
Honduras Tegucigalpa
81%
Paraguay Asunción
75%
Suriname Paramaribo
75%
Grenada St. George's
75%
Saint Kitts and Nevis Basseterre
69%
Saint Lucia Castries
69%
Guyana Georgetown
69%
No matching quizzes found
Score Distribution
Percent of People with Each Score
Percentile by Number Answered
Your Score History
You have not taken this quiz